Loading...
| Science - Biology | 0 | 8 | 0 | 2 | 80 | 67 | 85.13 | 0 | 2 | 0.00 | 0.00 |
| Science - Chemistry | 0 | 8 | 1 | 1 | 75 | 56 | 97.88 | 0 | 2 | 0.00 | 0.00 |
| Science - Physics | 0 | 7 | 1 | 2 | 65 | 67 | 103.14 | 1 | 1 | 0.00 | 0.00 |
| History - World | 0 | 6 | 0 | 2 | 60 | 92 | 112.50 | 0 | 0 | 0.00 | 0.00 |
| Science - Other | 0 | 6 | 3 | 1 | 45 | 97 | 114.83 | 0 | 1 | 0.00 | 0.00 |
| Other Academic | 0 | 4 | 0 | 1 | 40 | 103 | 118.00 | 0 | 1 | 0.00 | 0.00 |
| Social Science | 0 | 4 | 0 | 2 | 40 | 115 | 125.50 | 0 | 0 | 0.00 | 0.00 |
| Any History | 0 | 4 | 2 | 1 | 30 | 67 | 109.75 | 0 | 1 | 0.00 | 0.00 |
| Philosophy | 0 | 3 | 0 | 1 | 30 | 101 | 125.00 | 0 | 0 | 0.00 | 0.00 |
| Religion | 0 | 3 | 0 | 0 | 30 | 88 | 98.00 | 0 | 1 | 0.00 | 0.00 |
| History - American | 0 | 2 | 0 | 1 | 20 | 82 | 107.00 | 0 | 0 | 0.00 | 0.00 |
| Current Events | 0 | 1 | 0 | 0 | 10 | 101 | 101.00 | 0 | 0 | 0.00 | 0.00 |
| Literature - British | 0 | 1 | 0 | 0 | 10 | 158 | 158.00 | 0 | 0 | 0.00 | 0.00 |
| Literature - European | 0 | 1 | 0 | 0 | 10 | 133 | 133.00 | 0 | 0 | 0.00 | 0.00 |
| History - European | 0 | 1 | 1 | 0 | 5 | 72 | 72.00 | 0 | 0 | 0.00 | 0.00 |
| Mythology | 0 | 1 | 1 | 0 | 5 | 91 | 91.00 | 0 | 0 | 0.00 | 0.00 |
| Fine Arts - Other | 0 | 0 | 0 | 0 | 0 | 0.00 | 0 | 0 | 0.00 | 0.00 |